Statistiken für Alle U-Bahn Stationen Deutschsprachiger Städte Teil 2

Klicken Sie hier um das Quiz zu spielen!

Allgemein

  • Dieses Quiz wurde 19 mal gespielt
  • Das Durchschnittsergebnis liegt bei 70 aus 307

Antwortstatistiken

StadtStationen% Korrekt
Frankfurt U4 | Frankfurt U5 | Nürnberg U1 | +2 othersHauptbahnhof
71%
Frankfurt U1 | Frankfurt U2 | Frankfurt U3Südbahnhof
57%
Frankfurt U4 | Frankfurt U5 | Frankfurt U6 | Frankfurt U7Konstablerwache
50%
Hamburg U1Norderstedt Mitte
50%
Frankfurt U4 | Frankfurt U5Dom/Römer
43%
Hamburg U1Garstedt
43%
Frankfurt U1 | Frankfurt U2 | Frankfurt U3 | +2 othersHauptwache
43%
Hamburg U1Ochsenzoll
43%
Hamburg U1Richtweg
43%
Frankfurt U4Bornheim Mitte
36%
Hamburg U1Kiwittsmoor
36%
Nürnberg U1Langwasser Süd
36%
Hamburg U3St. Pauli
36%
Frankfurt U6 | Frankfurt U7Zoo
36%
Hamburg U1Alsterdorf
29%
Frankfurt U6 | Frankfurt U7Alte Oper
29%
Hamburg U3Barmbek
29%
Hamburg U2 | Hamburg U3 | Hamburg U4Berliner Tor
29%
Frankfurt U4 | Frankfurt U6 | Frankfurt U7Bockenheimer Warte
29%
Hamburg U3Dehnhaide
29%
Frankfurt U6 | Frankfurt U7Eissporthalle/Festplatz
29%
Frankfurt U1 | Frankfurt U2 | Frankfurt U3Eschenheimer Tor
29%
Frankfurt U4Festhalle/Messe
29%
Nürnberg U2Flughafen
29%
Hamburg U1Fuhlsbüttel
29%
Hamburg U1Fuhlsbüttel Nord
29%
Hamburg U2 | Hamburg U4Hauptbahnhof Nord
29%
Hamburg U1 | Hamburg U3Hauptbahnhof Süd
29%
Frankfurt U6 | Frankfurt U7Johanna-Tesch-Platz
29%
Hamburg U1 | Hamburg U2 | Hamburg U4Jungfernstieg
29%
Hamburg U1Klein Borstel
29%
Hamburg U3Landungsbrücken
29%
Hamburg U1Langenhorn Markt
29%
Hamburg U1Langenhorn Nord
29%
Nürnberg U1Langwasser Nord
29%
Nürnberg U1Messe
29%
Hamburg U3Mundsburg
29%
Hamburg U2Niendorf Markt
29%
Hamburg U2Niendorf Nord
29%
Hamburg U1Ohlsdorf
29%
Nürnberg U2 | Nürnberg U3Opernhaus
29%
Frankfurt U5Preungesheim
29%
Hamburg U3Rathaus
29%
Frankfurt U8 | Frankfurt U9Riedberg
29%
Frankfurt U6 | Frankfurt U7Westend
29%
Frankfurt U1 | Frankfurt U2 | Frankfurt U3 | +2 othersWilly-Brandt-Platz
29%
Hamburg U1Ahrensburg Ost
21%
Hamburg U1Ahrensburg West
21%
Hamburg U1Alter Teichweg
21%
Nürnberg U1Aufseßplatz
21%
Nürnberg U1Bärenschanze
21%
Hamburg U1Berne
21%
Hamburg U2 | Hamburg U4Billstedt
21%
Hamburg U1Buchenkamp
21%
Hamburg U1Buckhorn
21%
Hamburg U2 | Hamburg U4Burgstraße
21%
Hamburg U2Christuskirche
21%
Frankfurt U5Deutsche Nationalbibliothek
21%
Frankfurt U1 | Frankfurt U2 | Frankfurt U3Dornbusch
21%
Hamburg U4Elbbrücken
21%
Hamburg U2Emilienstraße
21%
Hamburg U3Eppendorfer Baum
21%
Hamburg U1Farmsen
21%
Nürnberg U3Friedrich-Ebert-Platz
21%
Nürnberg U1Fürth Hauptbahnhof
21%
Frankfurt U5Gießener Straße
21%
Hamburg U1Großhansdorf
21%
Nürnberg U3Großreuth
21%
Frankfurt U1 | Frankfurt U2 | Frankfurt U3Grüneburgweg
21%
Frankfurt U4 | Frankfurt U7Gwinnerstraße
21%
Hamburg U3Habichtstraße
21%
Frankfurt U6 | Frankfurt U7Habsburgerallee
21%
Hamburg U4HafenCity Universität
21%
Hamburg U2Hagenbecks Tierpark
21%
Hamburg U2Hagendeel
21%
Hamburg U1Hallerstraße
21%
Hamburg U3Hamburger Straße
21%
Hamburg U2 | Hamburg U4Hammer Kirche
21%
Frankfurt U5Hauptfriedhof
21%
Frankfurt U6Hausen
21%
Frankfurt U7Hausener Weg
21%
Frankfurt U7Heerstraße
21%
Nürnberg U2Herrnhütte
21%
Hamburg U3Hoheluftbrücke
21%
Nürnberg U2Hohe Marter
21%
Frankfurt U4Höhenstraße
21%
Hamburg U1Hoisbüttel
21%
Frankfurt U1 | Frankfurt U2 | Frankfurt U3Holzhausenstraße
21%
Hamburg U2 | Hamburg U4Horner Rennbahn
21%
Hamburg U1Hudtwalckerstraße
21%
Frankfurt U6 | Frankfurt U7Industriehof
21%
Hamburg U2Joachim-Mähl-Straße
21%
Nürnberg U3Kaulbachplatz
21%
Hamburg U1 | Hamburg U3Kellinghusenstraße
21%
Hamburg U1Kiekut
21%
Frankfurt U6 | Frankfurt U7Kirchplatz
21%
Nürnberg U3Klinikum Nord
21%
Hamburg U1Klosterstern
21%
Nürnberg U1Langwasser Mitte
21%
Hamburg U2 | Hamburg U4Legienstraße
21%
Frankfurt U6 | Frankfurt U7Leipziger Straße
21%
Hamburg U1Lohmühlenstraße
21%
Nürnberg U1Lorenzkirche
21%
Hamburg U1 | Hamburg U3Lübecker Straße
21%
Hamburg U2Lutterothstraße
21%
Frankfurt U5Marbachweg/Sozialzentrum
21%
Nürnberg U3Maxfeld
21%
Nürnberg U1Maximilianstraße
21%
Hamburg U1Meiendorfer Weg
21%
Hamburg U2Merkenstraße
21%
Hamburg U1Meßberg
21%
Hamburg U2Messehallen
21%
Frankfurt U1 | Frankfurt U2 | Frankfurt U3Miquel-/Adickesallee
21%
Hamburg U3Mönckebergstraße
21%
Hamburg U2Mümmelmannsberg
21%
Frankfurt U5Musterschule
21%
Nürnberg U2Nordostbahnhof
21%
Nürnberg U3Nordwestring
21%
Frankfurt U1 | Frankfurt U9Nordwestzentrum
21%
Hamburg U1Ohlstedt
21%
Hamburg U1Oldenfelde
21%
Hamburg U2Osterstraße
21%
Frankfurt U6 | Frankfurt U7Parlamentsplatz
21%
Nürnberg U1 | Nürnberg U2 | Nürnberg U3Plärrer
21%
Nürnberg U2 | Nürnberg U3Rathenauplatz
21%
Hamburg U2 | Hamburg U4Rauhes Haus
21%
Nürnberg U2Rennweg
21%
Frankfurt U2Riedwiese/Mertonviertel
21%
Hamburg U1Ritterstraße
21%
Hamburg U3Rödingsmarkt
21%
Nürnberg U2Röthenbach
21%
Hamburg U3Saarlandstraße
21%
Hamburg U2Schippelsweg
21%
Hamburg U2 | Hamburg U3Schlump
21%
Hamburg U1Schmalenbeck
21%
Nürnberg U2Schoppershof
21%
Frankfurt U4Seckbacher Landstraße
21%
Hamburg U3Sierichstraße
21%
Frankfurt U5Sigmund-Freud-Straße
21%
Hamburg U2Steinfurther Allee
21%
Hamburg U1Steinstraße
21%
Hamburg U3Sternschanze
21%
Hamburg U1Straßburger Straße
21%
Hamburg U4Überseequartier
21%
Hamburg U3Uhlandstraße
21%
Hamburg U1Volksdorf
21%
Hamburg U1Wandsbeker Chaussee
21%
Hamburg U1 | Hamburg U3Wandsbek-Gartenstadt
21%
Hamburg U1Wandsbek Markt
21%
Hamburg U1Wartenau
21%
Nürnberg U1Weißer Turm
21%
Nürnberg U2 | Nürnberg U3Wöhrder Wiese
21%
Nürnberg U2Ziegelstein
21%
Nürnberg U1Bauernfeindstraße
14%
Hamburg U3Baumwall (Elbphilharmonie)
14%
Nürnberg U1Eberhardshof
14%
Frankfurt U4 | Frankfurt U7Enkheim
14%
Frankfurt U7Fischstein
14%
Nürnberg U1Frankenstraße
14%
Frankfurt U7Friedhof Westhausen
14%
Frankfurt U1 | Frankfurt U2 | Frankfurt U3Fritz-Tarnow-Straße
14%
Hamburg U2Gänsemarkt (Oper)
14%
Nürnberg U1Gemeinschaftshaus
14%
Frankfurt U1 | Frankfurt U9Ginnheim
14%
Frankfurt U5Glauburgstraße
14%
Frankfurt U2Gonzenheim
14%
Nürnberg U1Gostenhof
14%
Frankfurt U6Große Nelkenstraße
14%
Nürnberg U3Gustav-Adolf-Straße
14%
Nürnberg U1Hasenbuck
14%
Frankfurt U1 | Frankfurt U2 | Frankfurt U3 | Frankfurt U8Heddernheim
14%
Frankfurt U1 | Frankfurt U9Heddernheimer Landstraße
14%
Frankfurt U4 | Frankfurt U7Hessen-Center
14%
Frankfurt U1 | Frankfurt U2 | Frankfurt U3Hügelstraße
14%
Frankfurt U2 | Frankfurt U9Kalbach
14%
Frankfurt U4 | Frankfurt U7Kruppstraße
14%
Frankfurt U1 | Frankfurt U2 | Frankfurt U3Lindenbaum
14%
Nürnberg U1Maffeiplatz
14%
Frankfurt U4Merianplatz
14%
Nürnberg U1Muggenhof
14%
Frankfurt U1 | Frankfurt U9Niddapark
14%
Frankfurt U2 | Frankfurt U9Nieder-Eschbach
14%
Frankfurt U8 | Frankfurt U9Niederursel
14%
Frankfurt U2Ober-Eschbach
14%
Frankfurt U1 | Frankfurt U9Römerstadt
14%
Frankfurt U5Ronneburgstraße
14%
Nürnberg U2 | Nürnberg U3Rothenburger Straße
14%
Frankfurt U2Sandelmühle
14%
Nürnberg U2Sankt Leonhard
14%
Frankfurt U4 | Frankfurt U7Schäfflestraße
14%
Nürnberg U1Scharfreiterring
14%
Nürnberg U2Schweinau
14%
Frankfurt U1 | Frankfurt U2 | Frankfurt U3Schweizer Platz
14%
Nürnberg U1Stadtgrenze
14%
Frankfurt U7Stephan-Heise-Straße
14%
Nürnberg U3Sündersbühl
14%
Frankfurt U5Theobald-Ziegler-Straße
14%
Hamburg U1Trabrennbahn
14%
Frankfurt U8 | Frankfurt U9Uni Campus Riedberg
14%
Frankfurt U1 | Frankfurt U2 | Frankfurt U3Weißer Stein
14%
Frankfurt U8 | Frankfurt U9Wiesenau
14%
Frankfurt U8Zeilweg
14%
Frankfurt U2 | Frankfurt U9Bonames Mitte
7%
Hamburg U3Borgweg (Stadtpark)
7%
Hamburg U3Feldstraße (Heiligengeistfeld)
7%
Nürnberg U1Fürth Rathaus
7%
Hamburg U1Lattenkamp (Sporthalle)
7%
Hamburg U1Sengelmannstraße (City Nord)
7%
Hamburg U1Stephansplatz (Oper/CCH)
7%
Nürnberg U1Fürth Hardhöhe
0%
Nürnberg U1Fürth Klinikum
0%
Nürnberg U1Fürth Stadthalle
0%
Nürnberg U1Jakoninenstraße
0%
Frankfurt U1Zellweg
0%

Verteilung der Resultate

Perzentil nach korrekt beantworteten Fragen

Anzahl Personen mit jedem Resultat

Ihre Resultats-Entwicklung

Sie haben dieses Quiz noch nicht gespielt